Biology the Science of Life (Record no. 539)

MARC details
000 -LEADER
fixed length control field 00308nam a2200109 4500
008 - FIXED-LENGTH DATA ELEMENTS--GENERAL INFORMATION
fixed length control field 160623b xxu||||| |||| 00| 0 eng d
100 ## - MAIN ENTRY--PERSONAL NAME
9 (RLIN) 660
Personal name MacDougall, M.S
245 ## - TITLE STATEMENT
Title Biology the Science of Life
260 ## - PUBLICATION, DISTRIBUTION, ETC. (IMPRINT)
Place of publication, distribution, etc. N.Y
Name of publisher, distributor, etc. McGraw Hill Book.Com.Inc.
Date of publication, distribution, etc. 1943
300 ## - PHYSICAL DESCRIPTION
Extent McGraw Hill Book.Com.Inc.
942 ## - ADDED ENTRY ELEMENTS (KOHA)
Source of classification or shelving scheme Dewey Decimal Classification
Koha item type BOOK
Holdings
Withdrawn status Lost status Source of classification or shelving scheme Damaged status Not for loan Home library Current library Shelving location Date acquired Total Checkouts Full call number Barcode Date last seen Price effective from Koha item type
    Dewey Decimal Classification     Good Samaritan School Library Good Samaritan School Library   06/23/2016   574 MAC1401 06/23/2016 06/23/2016 BOOK

Powered by Koha